National Assembly Library of Thailand

สรุปสาระสำคัญความตกลงหุ้นส่วนเศรษฐกิจอาเซียน-ญี่ปุ่น (ระเบียนเลขที่ 63973)

รายละเอียดในรูปแบบ MARC
000 -LEADER
fixed length control field 01192nam a22002057a 4500
005 - DATE AND TIME OF LATEST TRANSACTION
control field 20210325205624.0
008 - FIXED-LENGTH DATA ELEMENTS--GENERAL INFORMATION
fixed length control field s2551 th ||||| |||| 00| 0 tha d
020 ## - INTERNATIONAL STANDARD BOOK NUMBER
International Standard Book Number 9789749915387
050 ## - LIBRARY OF CONGRESS CALL NUMBER
Classification number HF1418.3.A785 ส356 2551
245 10 - TITLE STATEMENT
Title สรุปสาระสำคัญความตกลงหุ้นส่วนเศรษฐกิจอาเซียน-ญี่ปุ่น
260 3# - PUBLICATION, DISTRIBUTION, ETC.
Place of publication, distribution, etc. กรุงเทพฯ :
Name of publisher, distributor, etc. กรมเจรจาการค้าระหว่างประเทศ กระทรวงพาณิชย์,
Date of publication, distribution, etc. 2551
300 ## - PHYSICAL DESCRIPTION
Extent 119 หน้า :
Other physical details ภาพประกอบ, ตาราง ;
Dimensions 25 ซม.
650 04 - SUBJECT ADDED ENTRY--TOPICAL TERM
Topical term or geographic name entry element อาเซียน -- ความร่วมมือทางเศรษฐกิจ -- ญี่ปุ่น
650 04 - SUBJECT ADDED ENTRY--TOPICAL TERM
Topical term or geographic name entry element เอเชียตะวันออกเฉียงใต้ -- ความร่วมมือทางเศรษฐกิจ -- ญี่ปุ่น
850 ## - HOLDING INSTITUTION
Holding institution NALT
942 ## - ADDED ENTRY ELEMENTS (KOHA)
Koha item type General Book
997 ## -
-- บ 23985
997 ## -
-- 000000000063973
998 ## - LOCAL CONTROL INFORMATION (RLIN)
-- นางสุกัญญา กัลยา
รายการที่มีในห้องสมุด
Withdrawn status Lost status Damaged status Not for loan Collection code Home library Current library Source of acquisition Total Checkouts Full call number Barcode Date last seen Price effective from Koha item type Source of classification or shelving scheme Shelving location Date acquired
        General Book collection National Assembly Library of Thailand National Assembly Library of Thailand บริจาค   HF 1418.3.A785 ส356 2551 3961184765 09/06/2017 09/06/2017 General Book      
        Senate National Assembly Library of Thailand National Assembly Library of Thailand     HF 1418.3.A785 ส356 2551 0100005105001 31/03/2023 24/02/2023 General Book Library of Congress Classification General Book shelves 24/02/2023
หอสมุดรัฐสภา
สำนักงานเลขาธิการสภาผู้แทนราษฎร เลขที่ 1111 ถนนสามเสน แขวงถนนนครไชยศรี เขตดุสิต กรุงเทพฯ 10300
The Secretariat of the House of Representatives 1111 Samsen Road, Thanon Nakhon Chai Si, Dusit, Bangkok 10300, THAILAND
โทรศัพท์: +66(0) 2242 5900 ต่อ 5714-5 โทรสาร: +66(0) 2242 5990 อีเมล: [email protected]